Statistics for NFL team's best QB OAT

Click here to take the quiz!

General Stats

  • This quiz has been taken 271 times
    (21 since last reset)
  • The average score is 20 of 32

Answer Stats

TeamQB% Correct
ChiefsPatrick Mahomes
95%
ColtsPeyton Manning
95%
BuccaneersTom Brady
95%
PatriotsTom Brady
95%
PackersAaron Rodgers
85%
49ersJoe Montana
80%
DolphinsDan Marino
75%
SaintsDrew Brees
75%
BroncosJohn Elway
75%
LionsMatthew Stafford
75%
FalconsMatt Ryan
75%
SteelersBen Roethlisberger
70%
BillsJosh Allen
70%
RavensLamar Jackson
70%
SeahawksRussell Wilson
70%
PanthersCam Newton
65%
JetsJoe Namath
65%
CowboysRoger Staubach
65%
RamsKurt Warner
60%
CardinalsKurt Warner
60%
EaglesDonovan McNabb
55%
TitansWarren Moon
55%
TexansDeshaun Watson
45%
VikingsFran Tarkenton
40%
RaidersKen Stabler
40%
ChargersDan Fouts
35%
BrownsOtto Graham
35%
CommandersSammy Baugh
35%
GiantsY.A. Tittle
35%
BengalsKen Anderson
25%
JaguarsMark Brunell
25%
BearsSid Luckman
25%

Score Distribution

Percentile by Number Answered

Percent of People with Each Score

Your Score History

You have not taken this quiz since the last reset